Macroeconomics / (Record no. 51800)
[ view plain ]
| 000 -LEADER | |
|---|---|
| fixed length control field | 00764nam a2200265 a 4500 |
| 001 - CONTROL NUMBER | |
| control field | 51800 |
| 003 - CONTROL NUMBER IDENTIFIER | |
| rucl marc code | BD-RjUL |
| 005 - DATE AND TIME OF LATEST TRANSACTION | |
| control field | 20211209075720.0 |
| 008 - FIXED-LENGTH DATA ELEMENTS--GENERAL INFORMATION | |
| fixed length control field | 160904s1978 ilua 001 0 eng |
| 020 ## - INTERNATIONAL STANDARD BOOK NUMBER | |
| International Standard Book Number | 0256020329 |
| 035 ## - SYSTEM CONTROL NUMBER | |
| System control number | (BD-RjUL)51920 |
| 040 ## - CATALOGING SOURCE | |
| Original cataloging agency | DLC |
| Transcribing agency | DLC |
| Modifying agency | BD-RjUL |
| Language of cataloging | eng |
| 041 ## - LANGUAGE CODE | |
| Language code of text/sound track or separate title | eng |
| 082 00 - DEWEY DECIMAL CLASSIFICATION NUMBER | |
| Classification number | 339 |
| Edition number | 23 |
| Author mark and year | WOM 1978 |
| 100 1# - MAIN ENTRY--PERSONAL NAME | |
| Personal name | Wonnacott, Paul. |
| 9 (RLIN) | 7468 |
| 245 10 - TITLE STATEMENT | |
| Title | Macroeconomics / |
| Statement of responsibility, etc. | Paul Wonnacott |
| 250 ## - EDITION STATEMENT | |
| Edition statement | Rev. ed. |
| 260 ## - PUBLICATION, DISTRIBUTION, ETC. (IMPRINT) | |
| Place of publication, distribution, etc. | Homewood, Illinois |
| Name of publisher, distributor, etc. | R. D. Irwin, |
| Date of publication, distribution, etc. | c1978 |
| 300 ## - PHYSICAL DESCRIPTION | |
| Pagination | xvi, 543 p. : |
| Illustrations | ill. ; |
| Size | 24 cm. |
| 490 0# - SERIES STATEMENT | |
| Series statement | The Irwin series in economics |
| 504 ## - BIBLIOGRAPHY, ETC. NOTE | |
| Bibliography, etc | Includes bibliographical references and index. |
| 650 #0 - SUBJECT ADDED ENTRY--TOPICAL TERM | |
| Topical term or geographic name as entry element | Macroeconomics. |
| 9 (RLIN) | 5854 |
| 830 ## - SERIES ADDED ENTRY--UNIFORM TITLE | |
| Uniform title | The Irwin series in economics |
| 942 ## - ADDED ENTRY ELEMENTS (KOHA) | |
| Source of classification or shelving scheme | Dewey Decimal Classification |
| Koha item type | Books |
| Lost status | Source of classification or shelving scheme | Damaged status | Not for loan | Collection code | Permanent Location | Current Location | Shelving location | Date acquired | Source of acquisition | Total Checkouts | Full call number | Date last seen | Copy number | Koha item type |
|---|---|---|---|---|---|---|---|---|---|---|---|---|---|---|
| Dewey Decimal Classification | Non-fiction | Central Library, University of Rajshahi | Central Library, University of Rajshahi | 17/04/1985 | Asia foundation | 339 WOM 1978 | 04/09/2016 | C-2 | Books |